| 000 | 00632nam a2200217 u 4500 | ||
|---|---|---|---|
| 005 | 20240529063635.0 | ||
| 008 | 121108s2010 r 000 0 eng d | ||
| 020 | _a9788431684952 | ||
| 035 | _aUPN01000188282 | ||
| 049 | _aI | ||
| 050 | 4 |
_aPZ10.3 _bM3.6 |
|
| 100 | 1 |
_aMcKee, David, _d1935- _929650 |
|
| 245 | 1 | 0 |
_aOtra vez Elmer / _cDavid McKee ; tr. Adolfo Muñoz. |
| 260 |
_aBarcelona, Esp. : _bVicens Vives, _c2010. |
||
| 300 |
_a35 p. : _bil. col. |
||
| 440 | 0 |
_aPiñata ; _v24 |
|
| 650 | 4 |
_aElefantes _vCuentos y leyendas _99255 |
|
| 650 | 4 |
_aCuentos infantiles ingleses _910002 |
|
| 905 | _aInfantil | ||
| 999 |
_c160385 _d160385 |
||